|
|
|
|
| LEADER |
01924nam a2200481Ia 4500 |
| 001 |
EBC267478 |
| 003 |
MiAaPQ |
| 005 |
20200520144314.0 |
| 006 |
m o d | |
| 007 |
cr cn||||||||| |
| 008 |
020813s2002 ne a sb 001 0 eng d |
| 020 |
|
|
|z 1586032844 (IOS Press)
|
| 020 |
|
|
|z 4274905411 (Ohmsha)
|
| 035 |
|
|
|a (MiAaPQ)EBC267478
|
| 035 |
|
|
|a (Au-PeEL)EBL267478
|
| 035 |
|
|
|a (CaPaEBR)ebr10116470
|
| 035 |
|
|
|a (CaONFJC)MIL50569
|
| 035 |
|
|
|a (OCoLC)560259834
|
| 040 |
|
|
|a MiAaPQ
|c MiAaPQ
|d MiAaPQ
|
| 050 |
|
4 |
|a HF5548.32
|b .C4723 2002
|
| 245 |
0 |
0 |
|a Challenges and achievements in E-business and E-work
|h [electronic resource] /
|c edited by Brian Stanford-Smith, Enrica Chiozza, and Mireille Edin.
|
| 260 |
|
|
|a Amsterdam ;
|a Washington, DC :
|b IOS Press ;
|a Tokyo :
|b Ohmsha,
|c c2002.
|
| 300 |
|
|
|a xv, 1636 p. :
|b ill.
|
| 504 |
|
|
|a Includes bibliographical references and indexes.
|
| 533 |
|
|
|a Electronic reproduction. Ann Arbor, MI : ProQuest, 2015. Available via World Wide Web. Access may be limited to ProQuest affiliated libraries.
|
| 650 |
|
0 |
|a Electronic commerce.
|
| 650 |
|
0 |
|a Business enterprises
|x Computer networks.
|
| 650 |
|
0 |
|a Information technology.
|
| 650 |
|
0 |
|a Telecommunication.
|
| 650 |
|
0 |
|a Internet.
|
| 650 |
|
0 |
|a Telecommuting.
|
| 650 |
|
0 |
|a Electronic commerce
|z European Union countries.
|
| 650 |
|
0 |
|a Business enterprises
|x Computer networks
|z European Union countries.
|
| 650 |
|
0 |
|a Information technology
|z European Union countries.
|
| 650 |
|
0 |
|a Telecommunication
|z European Union countries.
|
| 650 |
|
0 |
|a Internet
|z European Union countries.
|
| 650 |
|
0 |
|a Telecommuting
|z European Union countries.
|
| 655 |
|
4 |
|a Electronic books.
|
| 700 |
1 |
|
|a Stanford-Smith, Brian.
|
| 700 |
1 |
|
|a Chiozza, Enrica.
|
| 700 |
1 |
|
|a Edin, Mireille.
|
| 710 |
2 |
|
|a ProQuest (Firm)
|
| 856 |
4 |
0 |
|u https://ebookcentral.proquest.com/lib/matrademy/detail.action?docID=267478
|z Click to View
|